Partial Flags by Continent - Statistics

General Stats
  • This quiz has been taken 163 times
  • The average score is 16 of 18
Answer Stats
Picture Hint Answer % Correct
Europe Ireland
98%
South America Argentina
97%
Oceania Australia
97%
South America Uruguay
96%
North America Panama
95%
Europe Portugal
95%
Asia Iran
94%
Europe Luxembourg
94%
Asia Bhutan
93%
North America Trinidad and Tobago
93%
South America Bolivia
91%
Asia United Arab Emirates
90%
North America Saint Lucia
89%
Oceania Kiribati
86%
Oceania Tuvalu
85%
Africa Rwanda
84%
Africa Cameroon
81%
Africa Sierra Leone
81%
No matching quizzes found
Score Distribution
Percent of People with Each Score
Percentile by Number Answered
Your Score History
You have not taken this quiz